000 00998nam a2200301 4500
003 EG-GICUC
005 20260209170920.0
008 260209s1955 fr ||||fr|||| 00| 0 fre d
040 _aEG-GiCUC
_bfre
_cEG-GiCUC
_dEG-GiCUC
_eRda
041 _afre
_hfre
082 0 4 _221
_a341.1
_bRO . C
092 0 4 _221
099 _aLaw 12 341.1 RO . C 1955
100 1 _aRousseau, Charles
_eAuteur
245 0 1 _aCours de Droit International Public /
_cPar Charles Rousseau.
264 1 _aParis;
_bLes Cours de Droit, Saint-Jacques,
_c1955.
300 _a447 page :
_billustration ;
_c 24 cm.
336 _2rda contenu
_a texte
337 _2rda medias
_aOrdinateur
338 _2 transporteur rda
_a Ressource en ligne
504 _aBibliography: pages 200-250. 240-220
546 _aTexte en français
650 1 _2qrmak
_aFinances publiques et législation fiscale
651 1 _2qrmak
856 4 0 _uhttps://fll.law.cu.edu.eg/fulltext/bks/B11-07465.pdf
905 _a31
942 _2ddc
_n0
_cBK
_e21
999 _c61949
_d61949